20 Biggest Asian Countries With a Map - Statistics

General Stats
  • This quiz has been taken 43 times
  • The average score is 19 of 20
Answers on the Map
Answers color-coded by a green-red scale on the quiz's map according to % correct below.
 
Answer Stats
Country % Correct
China
100%
India
100%
Indonesia
100%
Iran
100%
Iraq
100%
Japan
100%
Kazakhstan
100%
Mongolia
100%
Thailand
100%
Turkey
100%
Myanmar
97%
Pakistan
97%
Saudi Arabia
97%
Vietnam
97%
Yemen
97%
Afghanistan
95%
Malaysia
95%
Turkmenistan
95%
Uzbekistan
92%
Russia
68%
No matching quizzes found
Score Distribution
Percent of People with Each Score
Percentile by Number Answered
Your Score History
You have not taken this quiz